[Event "Calgary Alberta op"]
[Site "Calgary"]
[Date "2014.10.11"]
[Round "1.2"]
[White "Adagha, Ovo"]
[Black "Pechenkin, Vladimir"]
[Result "1/2-1/2"]
[WhiteElo "1892"]
[BlackElo "2388"]
[PlyCount "84"]
[EventDate "2014.10.11"]
[EventType "swiss"]
[EventRounds "6"]
[EventCountry "CAN"]
[SourceTitle "EXT 2022"]
[Source "ChessBase"]
[SourceDate "2021.10.06"]
[SourceVersion "1"]
[SourceVersionDate "2021.10.06"]
[SourceQuality "1"]

1. e4 e6 2. d4 d5 3. Nd2 Be7 4. Ngf3 Nf6 5. e5 Nfd7 6. Bd3 c5 7. c3 b6 8. 0-0 Ba6 9. Bxa6 Nxa6 10. Qa4 Nc7 11. dxc5 bxc5 12. Re1 0-0 13. Nf1 c4 14. Be3 Nc5 15. Bxc5 Bxc5 16. b4 cxb3 17. axb3 Qe8 18. Qg4 Qb5 19. Ng3 Qd3 20. Nh4 f5 21. Qf3 Qxf3 22. Nxf3 Rab8 23. b4 Bb6 24. Ne2 Nb5 25. Rec1 Rfc8 26. Kf1 Rc6 27. Ned4 Nxd4 28. Nxd4 Bxd4 29. cxd4 Rxc1+ 30. Rxc1 Rxb4 31. Rc8+ Kf7 32. Rc7+ Kg6 33. Rxa7 Rxd4 34. Re7 Re4 35. Rxe6+ Kf7 36. Rd6 Rxe5 37. f4 Re4 38. Rxd5 Rxf4+ 39. Ke2 Ke6 40. Ra5 Rh4 41. h3 g6 42. Kf3 Kf6 1/2-1/2